| 000 | 01500nam a22003017a 4500 | ||
|---|---|---|---|
| 999 |
_c65499 _d65499 |
||
| 005 | 20240530110828.0 | ||
| 008 | 190808s2019 ua ak g b 000 0 ara d | ||
| 017 |
_a2018/1769 _bمصر. دار الكتب |
||
| 020 | _a9789770532416 | ||
| 040 |
_aEG-CaGPL _cEG-CaGPL |
||
| 082 | 0 | 4 |
_221 _a616.89142/ _bر د |
| 100 | 1 | _aراجا، شيلا | |
| 245 | 1 | 0 |
_aدليل علمى تكاملى لعلاج الصدمة النفسية واضرابات كرب ما بعد الصدمة : _bالعلاج المعرفى السلوكى والجدلى السلوكى والتقبل والالتزام والعلاج بمعالجة المعلومات الصدمة والعلاج النفسى السلوكى / _cتاليف شيلا راجا ؛ ترجمة وتقديم محمد نجيب احمد الصبوة |
| 250 | _aط.1 | ||
| 260 |
_aالقاهرة : _bمكتبة الانجلو المصرية ، _c2019. |
||
| 300 |
_a295 ص. : _bايض ؛ _c24 سم. |
||
| 490 | 0 | _aسلسلة علم النفس الاكلينيكى المعاصر. | |
| 504 | _aيشتمل على ارجاعات ببليوجرافية | ||
| 650 | 0 | 7 |
_2qrmak _aالارشاد النفسى |
| 650 | 0 | 7 |
_2qrmak _aالصحة النفسية |
| 650 | 0 | 7 |
_2qrmak _aالصدمات |
| 650 | 0 | 7 |
_2qrmak _aالعلاج النفسى |
| 651 | _2qrmak | ||
| 653 | 0 | _aالصدمات - علم نفس | |
| 700 | 0 |
_aمحمد نجيب احمد الصبوة _eمترجم ومقدم |
|
| 942 |
_2ddc _cBK |
||